| 000 | 01018nam a2200301 i 4500 | ||
|---|---|---|---|
| 001 | 33683 | ||
| 003 | KOSZ 005 | ||
| 005 | 20211004150013.0 | ||
| 008 | 971010s1997 pl f |000 0 pol d | ||
| 020 | _a8370004253 | ||
| 040 |
_cKOSZ 005 _aKOSZ 005 _dKOSZ 005/HR |
||
| 041 | 1 |
_apol _heng |
|
| 046 | _k1997 | ||
| 080 | _a913(100) | ||
| 080 | _a528.7 | ||
| 100 | 1 |
_aFlint, David _eAutor |
|
| 245 | 1 | 0 |
_aSatelitarny atlas świata / _cDavid Flint ; [tł. z ang. Zbigniew Byliniak]. |
| 260 |
_aWarszawa ; _aWrocław : _bPolskie Przedsiębiorstwo Wydawnictw Kartograficznych im. Eugeniusza Romera, _ccop. 1997. |
||
| 300 |
_a64 s. : _bfot. kolor., mapy ; _c29 cm. |
||
| 504 | _aIndeks. | ||
| 651 | 4 | _aŚwiat | |
| 655 | 4 | _aWydawnictwa popularne | |
| 655 | 4 | _aAtlas geograficzny | |
| 655 | 4 | _aFotografia lotnicza | |
| 658 | _aGeografia i nauki o Ziemi | ||
| 856 |
_uhttp://koha.tu.koszalin.pl/cgi-bin/koha/opac-detail.pl?biblionumber=33683 _yKatalog online BPK |
||
| 942 |
_cKS _2UKD |
||
| 999 |
_c33683 _d33683 |
||